New records of the genus Festuca L. (<Poaceae>) for Colombia and Venezuela (Registro nro. 14918)

Detalles MARC
000 -CABECERA
Campo de control 003130000a22001090004500
090 ## - CLASIFICACIÓN LOCAL
Colección AS
Consecutivo Seriadas
041 0# - IDIOMA
Código de idioma para texto/pista de sonido o título separado
100 1# - ASIENTO PRINCIPAL--NOMBRE PERSONAL
Nombre personal Stancik, Daniel
245 10 - MENCION DE TITULO
Título New records of the genus Festuca L. (<Poaceae>) for Colombia and Venezuela
773 1# - Item fuente:
Título Caldasia
Especificación de materiales 45
Descripción física 1
Paginas del Articulo 337-339
Lugar, editorial y fecha de publicación 2001
Información sobre la relación 23
942 ## - ELEMENTOS ADICIONALES (KOHA)
Tipo de ítem Artículo

No hay ítems disponibles.